Félins Sauvages - Statistiques

Statistiques générales
  • Ce quiz a été pris 98 fois
  • Le résultat moyen est 15 sur 38
Statistiques - réponses
Genre Espèce % Correct
Panthera Lion
100%
Panthera Tigre
99%
Panthera Léopard
91%
Panthera Jaguar
90%
Puma Puma
87%
Acinonyx Guépard
84%
Caracal Caracal
77%
Panthera Panthère des neiges
67%
Leopardus Ocelot
64%
Leptailurus Serval
59%
Felis Chat sauvage
57%
Neofelis Panthère nébuleuse
51%
Lynx Lynx boréal
41%
Lynx Lynx du Canada
33%
Lynx Lynx roux
33%
Puma Jaguarondi
32%
Prionailurus Chat viverrin
30%
Felis Chat des sables
29%
Leopardus Margay
29%
Lynx Lynx pardelle
28%
Otocolobus Manul
26%
Leopardus Oncille
25%
Prionailurus Chat à tête plate
22%
Felis Chat a pieds noirs
20%
Caracal Chat doré africain
19%
Prionailurus Chat rubigineux
19%
Leopardus Colocolo
19%
Leopardus Chat des Andes
17%
Prionailurus Chat-léopard
14%
Felis Chaus
14%
Catopuma Chat de Temminck
12%
Neofelis Panthère nébuleuse de Bornéo
12%
Prionailurus Chat d'Iriomote
10%
Catopuma Chat bai
9%
Leopardus Chat de Geoffroy
9%
Pardofelis Chat marbré
9%
Leopardus Kodkod
9%
Leopardus Oncille du sud
7%
Aucun quiz correspondant
Distribution des résultats
% des personnes avec chaque résultat
Percentile par nombre de réponses
Votre historique - résultats
Vous n’avez pas pris ce quiz